000 00344nas a2200157 a 4500
001 75709
003 150671
005 20201118111313.0
008 ||||||n9999 ||| || ||
245 0 _aTime - Vol.155 No.14
260 _aEstados Unidos :
562 _e1
773 _021966
_aTime
942 _cSISS
999 _c75709
_d75709